All Empires of India by Picture - Statistics

General Stats
  • This quiz has been taken 35 times
  • The average score is 7 of 23
Answer Stats
Picture Hint Answer % Correct
1950  – present Republic of India
83%
1858–1947 British Raj
74%
3300 – 1300 BCE Indus Valley Civilization
74%
322 – 185 BCE Maurya Empire
61%
1526–1857 Mughal Empire
61%
320–550 Gupta Empire
52%
1206–1526 Delhi Sultanate
43%
850–1279 Chola Empire
35%
1799–1849 Sikh Empire
35%
1674–1818 Maratha Empire
30%
1947–1950 Dominion of India
26%
30 – 375 CE Kushan Empire
26%
750–1174 Pala Empire
13%
1500 – 600 BCE Vedic Period
13%
1336–1646 Vijayanagara Empire
13%
185 – 73 BCE Shunga Empire
9%
606–647 Harsha Empire
4%
73 – 28 BCE Kanva Empire
4%
730–1036 Pratihara Empire
4%
753–982 Rashtrakuta Empire
4%
600 – 345 BCE Mahajanapadas
0%
1–300 Satavahana Empire
0%
250–500 Vakataka Empire
0%
No matching quizzes found
Score Distribution
Percent of People with Each Score
Percentile by Number Answered
Your Score History
You have not taken this quiz